| 000 | 00703nam a22002537a 4500 | ||
|---|---|---|---|
| 003 | CHAP | ||
| 005 | 20220329133859.0 | ||
| 008 | 971013s1949 r 00010 d | ||
| 010 | _a12188 | ||
| 011 | _a13160 | ||
| 035 | _a17231 | ||
| 040 | _cCHAP | ||
| 082 |
_a621.393 _bG47 |
||
| 100 | 0 | 0 |
_aGerard, Geoffrey. _947699 |
| 245 | _aElectricity for farmers | ||
| 260 |
_aLondon : _bTechnical Press, _c1949 |
||
| 300 |
_a111 p. _b: ilus. |
||
| 590 |
_aBATCH-UPD _b10 _c20130110 _lUCH01 _h1848 |
||
| 590 |
_aCONVERSION _b10 _c20130109 _lUCH01 _h1308 |
||
| 650 | 1 | 4 |
_aElectricidad en agricultura. _936225 |
| 901 | _aBK | ||
| 942 | _cLIBRO | ||
| 949 |
_a621.393 G47 _bBC _cLIBRO _d-40822 _eLIBRO _h18624 _i17231 _si |
||
| 999 |
_c12188 _d12188 |
||